000
00343cam a2200145ua 4500
041
_a
eng
_h
082
_a
822
_b
ARI/BI
100
_a
Aristophanes, .
245
_a
Birds /
_c
Aristrophanes.
_h
Textual Documents
260
_a
London :
_b
George Allen & Unwin Ltd ,
_c
1960.
300
_a
183 ; .
504
_a
942
_c
BK
999
_c
442
_d
442